Ethnographical map of Hungary based on the density of population /

Saved in:
Bibliographic Details
Main Author: Teleki, Pál, gróf, 1879-1941.
Format: Map
Language:English
Published: Budapest : Magyar Földrajzi Intézet, 1922.
Subjects:
Tags: Add Tag
No Tags, Be the first to tag this record!
LEADER 01319nem a2200361 a 4500
001 012810729-4
005 20110623091003.0
008 110621s1922 hu ac |a||f |0| eng d
034 1 |a a  |b 1000000  |d E0153600  |e E0270600  |f N0493600  |g N0440000 
035 0 |a ocn961839589 
052 |a 6501 
052 |a 6511 
052 |a 6516 
052 |a 6882  |b T7 
090 |a G6501.E1 1922  |b .T4 
100 1 |a Teleki, Pál,  |c gróf,  |d 1879-1941. 
245 1 0 |a Ethnographical map of Hungary based on the density of population /  |c by Count Paul Teleki. 
255 |a Scale 1:1,000,000. 
260 |a Budapest :  |b Magyar Földrajzi Intézet,  |c 1922. 
300 |a 1 map :  |b col. ;  |c 59 x 81 cm. 
500 |a Inset: Mountains and plains of the old Kingdom of Hungary. 
500 |a "Every square millimeter coloured indicates 100 inhabitants. According to the census of 1910." 
650 0 |a Ethnology  |z Hungary  |v Maps. 
650 0 |a Minorities  |z Hungary  |v Maps. 
650 0 |a Ethnology  |z Czechoslovakia  |v Maps. 
650 0 |a Ethnology  |z Slovakia  |v Maps. 
650 0 |a Ethnology  |z Romania  |z Transylvania  |v Maps. 
650 0 |a Ethnology  |z Serbia  |z Vojvodina  |v Maps. 
650 0 |a Ethnology  |z Carpathian Mountains Region  |v Maps. 
651 0 |a Hungary  |x Historical geography  |v Maps. 
651 0 |a Hungary  |x Census, 1910. 
988 |a 20110621 
906 |0 MH